00438nam a2200133 4500008004100000020001800041050002100059100003000080245008500110260005800195300001700253650001500270700001900285151026b xxu||||| |||| 00| 0 eng d a9789966461599 aPN 989 .A35 2014 aAkivaga, S. Kichamud2014 aOral Literature:bA School Certificate CoursecS. Kichamu Akivaga, A. Bole Odaga aNairobi:bEast African Educational Publishers,c2014. axii, 134p.:  aLiterature aOdaga, A. Bole